000 01559cam a2200421 a 4500
001 data
005 20260322212107.0
008 data
035 _a13712138
906 _a7
_bcbc
_corigcop
_d2
_encip
_f20
_gy-gencatlg
925 0 _aacquire
_b1 shelf copy
_xCF 2004-10-15
955 _dsg18 2005-02-25
_esg12 2005-03-31 to BCCD
010 _a 2004557938
020 _a0406946736
020 _a9780406946737
040 _aDLC
_cDLC
_dDLC
043 _ae------
_ae-uk-wl
_ae------
050 0 0 _aK840
_b.C65 2003
082 0 4 _a342.62
_a342.62
_219
100 1 _aCollins, Hugh,
_d1953-
245 1 4 _aThe law of contract /
_cHugh Collins.
250 _a4th ed.
260 _aDayton, Ohio :
_bLexisNexis,
_aDayton, Ohio :
_bLexisNexis,
_cc2003.
300 _axlviii, 441 p. ;
_c24 cm.
336 _atext
_btxt
_2rdacontent
337 _aunmediated
_bn
_2rdamedia
338 _avolume
_bnc
_2rdacarrier
440 0 _aLaw in context
504 _aIncludes bibliographical references and index.
650 0 _aContracts.
650 0 _aContracts
_zEngland.
650 0 _aContracts
_zWales.
650 0 _aContracts
_zEuropean Union countries.
856 4 1 _3Table of contents
_uhttp://www.loc.gov/catdir/toc/cam051/2004557938.html
856 4 2 _3Contributor biographical information
_uhttp://www.loc.gov/catdir/bios/nwern051/2004557938.html
856 4 2 _3Publisher description
_uhttp://www.loc.gov/catdir/description/nwern051/2004557938.html
999 _c1572
_d1572